[Event "Leuven op 25th"]
[Site "Leuven"]
[Date "2013.11.09"]
[Round "3"]
[White "Froeyman, Helmut"]
[Black "Peeters, Tim"]
[Result "1-0"]
[WhiteElo "2312"]
[BlackElo "2040"]
[PlyCount "53"]
[EventDate "2013.11.08"]
[EventType "swiss"]
[EventRounds "7"]
[EventCountry "BEL"]
[SourceTitle "EXT 2014"]
[Source "ChessBase"]
[SourceDate "2013.11.20"]
[SourceVersion "1"]
[SourceVersionDate "2013.11.20"]
[SourceQuality "1"]

1. e4 c6 2. d4 d5 3. Nc3 dxe4 4. Nxe4 Nf6 5. Nxf6+ gxf6 6. c3 Qd5 7. Qb3 Qxb3 8. axb3 Bf5 9. Nf3 Nd7 10. b4 e5 11. Be3 Bd6 12. Be2 0-0 13. 0-0 Nb6 14. dxe5 fxe5 15. Rfd1 Bc7 16. b5 cxb5 17. Bxb5 f6 18. Nd2 a6 19. Be2 Rad8 20. Bf3 Bc8 21. Bc5 Rf7 22. Bxb6 Bxb6 23. Nc4 Bc7 24. Rxd8+ Bxd8 25. Bd5 Bc7 26. Rd1 Bf5 27. f3 1-0

[Event "Geraardsbergen op"]
[Site "Geraardsbergen"]
[Date "2013.08.11"]
[Round "3"]
[White "Claesen, Pieter"]
[Black "Peeters, Tim"]
[Result "1-0"]
[WhiteElo "2342"]
[BlackElo "2043"]
[PlyCount "73"]
[EventDate "2013.08.10"]
[EventType "swiss"]
[EventRounds "9"]
[EventCountry "BEL"]
[SourceTitle "CBM 155 Extra"]
[Source "ChessBase"]
[SourceDate "2013.08.26"]
[SourceVersion "1"]
[SourceVersionDate "2013.08.26"]
[SourceQuality "1"]

1. c4 e6 2. g3 d5 3. Nf3 c5 4. Bg2 Nc6 5. 0-0 Nf6 6. b3 Be7 7. Bb2 0-0 8. e3 Qb6 9. Qe2 Rd8 10. d3 Qc7 11. Nbd2 b6 12. a3 Bb7 13. Rad1 Rd7 14. Nh4 Rad8 15. f4 g6 16. Nhf3 Ng4 17. Ng5 Bf6 18. Qxg4 Bxb2 19. Qh3 h5 20. Nxe6 fxe6 21. Qxe6+ Kh7 22. f5 Rd6 23. fxg6+ Kh6 24. Qf7 R6d7 25. Qe6 Re7 26. Qh3 Ne5 27. Rf5 Nxg6 28. Qxh5+ Kg7 29. Rg5 Qd6 30. cxd5 Rh8 31. Qf3 Rxe3 32. Nc4 Qe7 33. Rxg6+ Kxg6 34. Nxe3 Bd4 35. Re1 Re8 36. Qf5+ Kg7 37. Be4 1-0

[Event "Geraardsbergen op 27th"]
[Site "Geraardsbergen"]
[Date "2011.08.13"]
[Round "6"]
[White "Peeters, Tim"]
[Black "Goormachtigh, Johan"]
[Result "0-1"]
[WhiteElo "2008"]
[BlackElo "2237"]
[PlyCount "62"]
[EventDate "2011.08.11"]
[EventType "swiss"]
[EventRounds "9"]
[EventCountry "BEL"]
[SourceTitle "CBM 144 Extra"]
[Source "ChessBase"]
[SourceDate "2011.10.28"]
[SourceVersion "1"]
[SourceVersionDate "2011.10.28"]
[SourceQuality "1"]

1. e4 c5 2. b4 cxb4 3. a3 bxa3 4. d4 e6 5. Nf3 d5 6. e5 Nc6 7. c3 Bd7 8. Bd3 Nge7 9. Nxa3 Nf5 10. Qb3 Na5 11. Qa2 Bc6 12. Nc2 Nc4 13. Ne3 Ncxe3 14. fxe3 Be7 15. Qc2 Qd7 16. Qe2 0-0 17. Ba3 a5 18. g4 Nh4 19. 0-0 Nxf3+ 20. Rxf3 Bxa3 21. Rxa3 Qe7 22. Ra1 f6 23. exf6 Rxf6 24. Rxf6 gxf6 25. Rf1 a4 26. c4 dxc4 27. Bxc4 Bd5 28. Bxd5 exd5 29. Qf3 Qe6 30. g5 fxg5 31. Qg3 a3 0-1

[Event "Geraardsbergen op 27th"]
[Site "Geraardsbergen"]
[Date "2011.08.12"]
[Round "3"]
[White "Van Mechelen, Jan"]
[Black "Peeters, Tim"]
[Result "1-0"]
[WhiteElo "2242"]
[BlackElo "2008"]
[PlyCount "59"]
[EventDate "2011.08.11"]
[EventType "swiss"]
[EventRounds "9"]
[EventCountry "BEL"]
[SourceTitle "CBM 144 Extra"]
[Source "ChessBase"]
[SourceDate "2011.10.28"]
[SourceVersion "1"]
[SourceVersionDate "2011.10.28"]
[SourceQuality "1"]

1. Nf3 Nf6 2. g3 e6 3. Bg2 a6 4. 0-0 b5 5. d3 Bb7 6. e4 Bc5 7. Nbd2 d6 8. Rb1 Nc6 9. a3 a5 10. c3 e5 11. b4 axb4 12. axb4 Bb6 13. Nh4 0-0 14. Nf5 Ne7 15. Nxe7+ Qxe7 16. Nf3 Ra2 17. Nh4 Rfa8 18. Nf5 Qd8 19. Bg5 h6 20. Bh4 Bc8 21. d4 Be6 22. Qf3 Bxf5 23. exf5 exd4 24. cxd4 R8a3 25. Rb3 Rxb3 26. Qxb3 Rd2 27. Ra1 Qe7 28. Bd5 Re2 29. Ra8+ Kh7 30. Bxf7 1-0

[Event "BEL-ch op"]
[Site "Antwerp"]
[Date "2011.07.04"]
[Round "3.16"]
[White "Peeters, Tim"]
[Black "Bomans, Arno"]
[Result "0-1"]
[WhiteElo "2008"]
[BlackElo "2198"]
[PlyCount "58"]
[EventDate "2011.07.02"]
[EventType "swiss"]
[EventRounds "9"]
[EventCountry "BEL"]
[SourceTitle "CBM 143 Extra"]
[Source "ChessBase"]
[SourceDate "2011.08.29"]
[SourceVersion "1"]
[SourceVersionDate "2011.08.29"]
[SourceQuality "1"]

1. e4 c6 2. d4 d5 3. e5 Bf5 4. g4 Be4 5. f3 Bg6 6. h4 h5 7. e6 Qd6 8. exf7+ Bxf7 9. Ne2 hxg4 10. fxg4 Nd7 11. Bf4 e5 12. dxe5 Nxe5 13. Bxe5 Qxe5 14. Qd4 Bd6 15. Qxe5+ Bxe5 16. Nd2 0-0-0 17. 0-0-0 Nf6 18. Nf3 Bc7 19. Bh3 Ne4 20. Rhf1 Rdf8 21. Nfd4 Be8 22. g5+ Kb8 23. Ne6 Rf2 24. Nc3 Nxc3 25. Rxf2 Nxd1 26. Kxd1 Bg3 27. Rg2 Be5 28. c3 Rxh4 29. Bg4 Rxg4 0-1

[Event "BEL-ch opB"]
[Site "Westerlo"]
[Date "2004.07.??"]
[Round "6"]
[White "Sauvage, Eric"]
[Black "Peeters, Tim"]
[Result "1-0"]
[WhiteElo "2067"]
[BlackElo "1847"]
[PlyCount "49"]
[EventDate "2004.07.??"]
[EventType "swiss"]
[EventRounds "9"]
[EventCountry "BEL"]
[SourceTitle "EXT 2005"]
[Source "ChessBase"]
[SourceDate "2004.11.15"]
[SourceVersion "1"]
[SourceVersionDate "2004.11.15"]
[SourceQuality "1"]

1. e4 c6 2. d4 d5 3. e5 Bf5 4. g4 Bd7 5. Nc3 e6 6. Be3 c5 7. dxc5 Qa5 8. a3 Nc6 9. b4 Nxb4 10. axb4 Qxb4 11. Qd4 Qxd4 12. Bxd4 a6 13. Nb5 Rc8 14. Nd6+ Bxd6 15. cxd6 Rxc2 16. Bd3 Rc8 17. Nf3 f6 18. Kd2 fxe5 19. Nxe5 Nf6 20. f3 Bc6 21. Rhe1 Bd7 22. Rab1 b5 23. Ra1 Ra8 24. Rec1 Bc8 25. Bxb5+ 1-0

[Event "BEL-ch opB"]
[Site "Westerlo"]
[Date "2004.07.??"]
[Round "8"]
[White "Vanlerberghe, Filip"]
[Black "Peeters, Tim"]
[Result "1-0"]
[WhiteElo "2103"]
[BlackElo "1847"]
[PlyCount "87"]
[EventDate "2004.07.??"]
[EventType "swiss"]
[EventRounds "9"]
[EventCountry "BEL"]
[SourceTitle "EXT 2005"]
[Source "ChessBase"]
[SourceDate "2004.11.15"]
[SourceVersion "1"]
[SourceVersionDate "2004.11.15"]
[SourceQuality "1"]

1. c4 e5 2. Nc3 Nf6 3. Nf3 e4 4. Ng5 b5 5. Nxb5 c6 6. Nc3 d5 7. cxd5 cxd5 8. d4 Bd6 9. h4 Nc6 10. Nh3 Qb6 11. e3 Ba6 12. Bxa6 Qxa6 13. Qe2 Qxe2+ 14. Kxe2 Rb8 15. b3 Nb4 16. Ba3 h6 17. Rhc1 Kd7 18. Bxb4 Bxb4 19. Nf4 Bxc3 20. Rxc3 Rhc8 21. Rac1 Rxc3 22. Rxc3 Rc8 23. Kd2 Rxc3 24. Kxc3 Kc6 25. Ne2 Ng4 26. Ng3 g6 27. Nh1 f5 28. Kd2 g5 29. hxg5 hxg5 30. f3 Nf6 31. Nf2 exf3 32. gxf3 g4 33. Ke2 a5 34. Nd3 Kb6 35. Nc5 Kb5 36. a3 Kc6 37. Kf2 Nh5 38. Nd3 Nf6 39. Kg3 gxf3 40. Kxf3 Ne4 41. Kf4 a4 42. bxa4 Nd2 43. Kxf5 Nc4 44. Ne5+ 1-0

[Event "Geraardsbergen op"]
[Site "Geraardsbergen"]
[Date "2003.08.14"]
[Round "1"]
[White "Peeters, Tim"]
[Black "Dutreeuw, Marc"]
[Result "1/2-1/2"]
[WhiteElo "1873"]
[BlackElo "2383"]
[PlyCount "30"]
[EventDate "2003.08.??"]
[EventType "swiss"]
[EventRounds "7"]
[EventCountry "BEL"]
[SourceTitle "EXT 2005"]
[Source "ChessBase"]
[SourceDate "2004.11.15"]
[SourceVersion "1"]
[SourceVersionDate "2004.11.15"]
[SourceQuality "1"]

1. d4 Nf6 2. c4 e6 3. Nc3 Bb4 4. Qc2 d5 5. e3 c5 6. a3 Bxc3+ 7. bxc3 0-0 8. Nf3 Nbd7 9. Be2 Qc7 10. 0-0 b6 11. cxd5 Nxd5 12. Bd3 h6 13. e4 Nf4 14. Be3 Bb7 15. Bb5 Ng6 1/2-1/2